[Event "Mlada Boleslav Region-ch"]
[Site "Mlada Boleslav"]
[Date "2015.06.21"]
[Round "7"]
[White "Kolomaznik, Jiri"]
[Black "Sinagl, Matej"]
[Result "0-1"]
[WhiteElo "1095"]
[BlackElo "1205"]
[PlyCount "48"]
[EventDate "2015.06.20"]
[EventType "swiss"]
[EventRounds "7"]
[EventCountry "CZE"]
[SourceTitle "EXT 2017"]
[Source "ChessBase"]
[SourceDate "2016.10.25"]
[SourceVersion "1"]
[SourceVersionDate "2016.10.25"]
[SourceQuality "1"]

1. e3 e5 2. Bc4 Nf6 3. Nf3 d6 4. Nc3 Nc6 5. b3 Bf5 6. Bb2 Nb4 7. Ne4 Bxe4 8. d3 Bxf3 9. Qxf3 Nxc2+ 10. Kf1 Nxa1 11. Bxa1 c6 12. b4 d5 13. Bb3 Bd6 14. a3 0-0 15. Ke2 Re8 16. Rd1 Qd7 17. Kf1 Ng4 18. Kg1 Re7 19. h3 Nf6 20. Kh1 Rae8 21. Re1 d4 22. exd4 exd4 23. Rxe7 Rxe7 24. Bxd4 Re1# 0-1

[Event "Mlada Boleslav Region-ch"]
[Site "Mlada Boleslav"]
[Date "2015.06.20"]
[Round "3"]
[White "Kolomaznik, Jiri"]
[Black "Jirousek, Simon"]
[Result "1-0"]
[WhiteElo "1095"]
[BlackElo "1201"]
[PlyCount "67"]
[EventDate "2015.06.20"]
[EventType "swiss"]
[EventRounds "7"]
[EventCountry "CZE"]
[SourceTitle "EXT 2017"]
[Source "ChessBase"]
[SourceDate "2016.10.25"]
[SourceVersion "1"]
[SourceVersionDate "2016.10.25"]
[SourceQuality "1"]

1. e4 c5 2. c4 d6 3. b3 g6 4. Nc3 Bg7 5. Bb2 Nf6 6. d3 Nc6 7. Nge2 Bd7 8. g3 0-0 9. Bg2 Qc7 10. f3 Rab8 11. Qd2 b6 12. 0-0-0 a6 13. h4 b5 14. g4 bxc4 15. dxc4 Qa5 16. h5 Rfc8 17. g5 Nxh5 18. Nf4 Nxf4 19. Qxf4 Bxc3 20. Qh4 f6 21. Qxh7+ Kf8 22. Qh8+ Kf7 23. Rh7+ Ke6 24. Bh3+ Ke5 25. Rd5+ Kf4 26. Rh4+ Kg3 27. Rg4+ Kxf3 28. Rd3+ Kf2 29. Qh4+ Ke2 30. Bf1+ Kxf1 31. Rf4+ Ke2 32. Qf2+ Kxd3 33. Rf3+ Kxe4 34. Qe3# 1-0